000 00672nam a2200241Ia 4500
003 OSt
005 20220918192452.0
006 a|||||r|||| 00| 0
007 ta
008 220917b |||||||| |||| 00| 0 eng d
024 _a68,551
037 _cTextual
040 _aARTS
_cARTS
_beng
041 _2eng
_aeng
082 _aR3z7, K52;L1
100 _aFeinberg Joel ed
_979206
245 0 _aReason and responsibility
_b readings in some basic problems of philosophy
250 _a2nd ed
260 _aCalifornia
_bDickenson Pub
_c1971
300 _a544p.
_ccm.
942 _hR3z7, K52;L1
_cTEXL
_2CC
999 _c194722
_d194722